| 000 | 00370nam a2200121Ia 4500 | ||
|---|---|---|---|
| 008 | 210430s9999 xx 000 0 und d | ||
| 082 | _a450 M236I | ||
| 100 |
_aMalik Nadeem Shafiq _9336 |
||
| 245 |
_aIndia vs China A review of the aksai chin border dispute _cMalik Nadeem Shafiq |
||
| 260 |
_aIslamabad. _bemel Publications. _c2015 |
||
| 300 | _a184p. | ||
| 942 |
_cBK _2ddc |
||
| 999 |
_c565529 _d565529 |
||